01170 a2200205 45000010006000000050017000060080041000230030015000640400040000790800104001192450143002230200018003662640033003843000017004175050254004340410008006881000089006967000084007858560095008694118420260407155705.0260407a2003 arg spa dAR-UNSa-BCEJYS aAR-UNSa-BCEJYSbspacAR-UNSa-BCEJYS a347.736xQuiebra. Insolvencia. Suspensión de pagos. Bancarrota, procedimientos. Derecho Concursal10aDerecho concursal argentino e iberoamericanopV Congreso Argentino de derecho concursal ; III Congreso Iberoamericano sobre la insolvencia a950-894-412-9 1aBuenos Aires :bAD-HOCc2003 a2 v.c23 cm. aVol. II: 1. Acciones de recomposición patrimonial y responsabilidad de los socios, administradores y terceros - 2. Límites al contenido del acuerdo y facultades homologatorias - 3. Novación concursal y salvataje empresario - 4. Temas generales aspa1 aCongreso Iberoamericano sobre la Insolvencia (3º : 2003 : Mar del Plata, Argentina)1 aCongreso Argentino de Derecho Concursal (5º : 2003 : Mar del Plata, Argentina)41uhttps://biblioeco.unsa.edu.ar/pmb/images/libros/L126413.jpgyImagen de portadaqimage/jpeg